| 000 | 02990cam a2200349 a 4500 | ||
|---|---|---|---|
| 001 | 17485509 | ||
| 005 | 20240503121656.0 | ||
| 008 | 121005s2012 enk b 001 0 eng d | ||
| 010 | _a 2012472064 | ||
| 016 | 7 |
_a016058345 _2Uk |
|
| 020 | _a9781849462792 (cloth) | ||
| 020 | _a1849462798 (cloth) | ||
| 035 | _a(OCoLC)ocn775416260 | ||
| 040 |
_aBTCTA _beng _cBTCTA _dUKMGB _dYDXCP _dCDX _dBWK _dYNK _dUV0 _dBWX _dRCJ _dWCL _dDLC |
||
| 042 | _alccopycat | ||
| 082 | _a344.01 | ||
| 245 | 0 | 0 |
_aChallenging the legal boundaries of work regulation / _cedited by Judy Fudge, Shae McCrystal, Kamala Sankaran. |
| 260 |
_aOxford, U.K. ; _aPortland, Or. : _bHart Pub., _c2012. |
||
| 300 |
_ax, 340 p. ; _c25 cm. |
||
| 365 | _bRs. 10460.00 | ||
| 490 | 1 | _aOñati international series in law and society | |
| 500 | _a"A series published for the Oñati institute for the sociology of law"--t. p. | ||
| 504 | _aIncludes bibliographical references and index. | ||
| 505 | 0 | 0 | _aBlurring legal boundaries : regulating for decent work / Judy Fudge -- Flexibility and informalisation of employment relationships / Kamala Sankaran -- Transform or perish : changing conceptions of work in recycling / Poornima Chikarmane and Lakshmi Narayanan -- Informal sectors and new industries : the complexities of regulating occupational health and safety in developing countries / Richard Johnstone -- Legal responsibility for labour conditions down the production chain / Alan Hyde -- A blurred boundary between entrepreneurship and servitude : regulating business format franchising in Australia / Joellen Riley -- Developing legislative protection for owner drivers in Australia : the long road to regulatory best practice / Brendan Johnson -- Organising independent contractors : the impact of competition law / Shae McCrystal -- Regulation of dependent self-employed workers in Spain : a regulatory framework for informal work? / Juan-Pablo Landa Zapirain -- Freelancers : an intermediate group in labour law? / Guy Davidov -- The wages of care-workers : from structure to agency / Guy Mundluk -- Sector-based collective bargaining regime and gender segregation : a case study of self-employed home childcare workers in Quebec / Stéphanie Bernstein -- From "domestic servant" to "domestic worker" / Einat Albin -- Employment agencies and domestic work in Ghana / Dzodzi Tsikata -- Corporate codes of conduct in the garment sector in Bangalore / Roopa Madhav -- How Britain's low-paid non-unionised employees deal with workplace problems / Anna Pollert -- Learning from case law accounts of marginalised working / Lizzie Barmes. |
| 650 | 0 |
_aLabor laws and legislation _vCase studies. |
|
| 700 | 1 | _aFudge, Judy. | |
| 700 | 1 | _aMcCrystal, Shae. | |
| 700 | 1 | _aSankaran, Kamala. | |
| 830 | 0 | _aOñati international series in law and society. | |
| 856 |
_uhttps://www.bloomsbury.com/in/challenging-the-legal-boundaries-of-work-regulation-9781847319777/ _zClick here for table of contents |
||
| 942 |
_2ddc _cBK |
||
| 999 |
_c212514 _d212514 |
||